00381nam a2200157Ia 45000010006000000050017000060080041000230410008000640820016000721000023000882450053001112600009001643000034001736500008002076540008002151396820260306164840.0260306t2000||||xx |||||||||||||| ||spa|| aESP a005.74bM42 aMendelzon-AleeAUT 0aIntroducción a las bases de datos relacionales c2000 axiii, 288 páginas :c23 cm. aGEN aCCC